00249nam a2200097Ia 4500008004100000041000800041100001700049245003500066260003500101650001500136231219s9999 xx 000 0 und d aeng aG.N.Balgopal aCases In Strategic Management bGlobal Business Press Delhi95  aManagement